000 00337nam a22001457a 4500
008 210312b ||||| |||| 00| 0 eng d
020 _a0471840335
041 _aeng
080 _23rd
_a330.722.6
082 _a330.722.6
100 _a61
101 _aKF
245 _aAccounting Information Systems
_cMoscove, S. A
942 _2udc
_cBK
999 _c56509
_d56509